<?xml version="1.0" encoding="UTF-8"?>
<record
    xmlns:xsi="http://www.w3.org/2001/XMLSchema-instance"
    xsi:schemaLocation="http://www.loc.gov/MARC21/slim http://www.loc.gov/standards/marcxml/schema/MARC21slim.xsd"
    xmlns="http://www.loc.gov/MARC21/slim">

  <leader>00781nam a2200181 i 4500</leader>
  <controlfield tag="001">45168</controlfield>
  <controlfield tag="003">ES-MaACL</controlfield>
  <controlfield tag="005">20230906161153.0</controlfield>
  <controlfield tag="007">t|</controlfield>
  <controlfield tag="008">030325s1951    sp           ||||1| spa d</controlfield>
  <datafield tag="100" ind1="1" ind2=" ">
    <subfield code="a">Clayton, Ellis.</subfield>
    <subfield code="9">39152</subfield>
  </datafield>
  <datafield tag="245" ind1="1" ind2="0">
    <subfield code="a">Identificaci&#xF3;n de materias colorantes sobre fibras textiles y determinaci&#xF3;n de los iones met&#xE1;licos en materiales fibrosos, colorantes y pigmentos org&#xE1;nicos / </subfield>
    <subfield code="c">por Ellis Clayton ; traducida al espa&#xF1;ol, ampliada y adaptada por Carlos M&#xE1;s Gibert y Ju&#xE1;n Alsina Giralt.</subfield>
  </datafield>
  <datafield tag="260" ind1=" " ind2=" ">
    <subfield code="a">Barcelona : </subfield>
    <subfield code="b">Manuel Mar&#xED;n, </subfield>
    <subfield code="c">[1951] (</subfield>
    <subfield code="f">Emporium)</subfield>
  </datafield>
  <datafield tag="300" ind1=" " ind2=" ">
    <subfield code="a">57 p., 7 gr&#xE1;f. pleg., XIV : </subfield>
    <subfield code="b">il. ; </subfield>
    <subfield code="c">22 cm.</subfield>
  </datafield>
  <datafield tag="700" ind1="1" ind2=" ">
    <subfield code="a">M&#xE1;s Gibert, Carlos.</subfield>
    <subfield code="9">78633</subfield>
  </datafield>
  <datafield tag="700" ind1="1" ind2=" ">
    <subfield code="a">Alsina Giralt, Ju&#xE1;n.</subfield>
    <subfield code="9">20488</subfield>
  </datafield>
  <datafield tag="852" ind1=" " ind2=" ">
    <subfield code="a">ES-MaACL</subfield>
    <subfield code="j">C-10292 </subfield>
    <subfield code="b">R.31110</subfield>
  </datafield>
  <datafield tag="999" ind1=" " ind2=" ">
    <subfield code="c">45168</subfield>
    <subfield code="d">45168</subfield>
  </datafield>
  <datafield tag="952" ind1=" " ind2=" ">
    <subfield code="0">0</subfield>
    <subfield code="1">0</subfield>
    <subfield code="4">0</subfield>
    <subfield code="7">0</subfield>
    <subfield code="a">ATENEOM</subfield>
    <subfield code="b">ATENEOM</subfield>
    <subfield code="c">SPAL</subfield>
    <subfield code="d">2008-01-17</subfield>
    <subfield code="e">SC</subfield>
    <subfield code="l">0</subfield>
    <subfield code="o">C-10292</subfield>
    <subfield code="p">1047533</subfield>
    <subfield code="r">2023-02-23 00:00:00</subfield>
    <subfield code="w">2023-02-23</subfield>
    <subfield code="y">MONOGRAFIA</subfield>
  </datafield>
</record>
